000 00512nam a2200145 a 4500
008 120416s1991 ||||||||||||||||| || u
050 _aTA 710 Ver
100 _aVerma, B. P
245 1 0 _aProblems in soil mechanics and foundation engineering
250 _a9th ed.
260 _aNew Delhi
_bKhanna Publishers
_c1991
300 _a282p. : ill.
350 _a0.00
995 _D0.00
_FCBU-MAIN LIBRARY (Kitwe)
_H1
_I25.00
_ULOST
_ZMain Library Open Access Collection
999 _c54798
_d54798